Saint-Vincent et les Grenadines pour les touristes... - Facile - Statistiques

Statistiques générales
  • Ce quiz a été pris 3 fois
  • Le résultat moyen est 14 sur 20
Statistiques - réponses
Question Indice Réponses Indice facile % Correct
Combien d'heures (environ) mettrez-vous pour vous y rendre ? (en chiffres) 12
100%
Dans la capitale quel est le décalage horaire avec Paris ? (+ ou - et chiffre) ex - 10 - 6
100%
Quelle est la langue officielle ? Anglais
100%
Achats à faire 2/ Chapeau traditionnel Bakoua AKOUBA
100%
Achats à faire 4/ Objets en Bambou BOUMAB
100%
La conduite se fait à droite ou à gauche ? Gauche
100%
Avez-vous besoin d'un visa ? (oui/non) Non
100%
Achats à faire 1/ Sets de Table BLEAT
100%
La vitesse est limitée hors des villes à {30} km/h
67%
La religion majoritaire est Anglicanisme A
67%
Comment se nomme la principale compagnie aérienne locale C A Caribbean Airlines BERCANNIBALISERAI
67%
Achats à faire 3/ Poupées locales de type Créole ECLORE
67%
Quelles sont les principaux lieux touristiques ? M Ile {Moustique} MUTIQUESO
67%
Quelles sont les principaux lieux touristiques ? S-V Ile {Saint-Vincent} NVINCITANTES
67%
Quel est le climat local ? T Tropical
67%
Quelles sont les principaux lieux touristiques ? B Ile {Bequia} EBIQUA
33%
Quelles sont les principaux lieux touristiques ? C Iles {Canouan} NUANCAO
33%
Le principal aéroport est K Kingstown
33%
Quelle est la monnaie ? Dollar des Caraïbes orientales $
0%
Le suffixe internet est vc
0%
Aucun quiz correspondant
Distribution des résultats
% des personnes avec chaque résultat
Percentile par nombre de réponses
Votre historique - résultats
Vous n’avez pas pris ce quiz